000 00423nam a2200181 a 4500
001 2898
003 CO-ViMGA
008 141112s2004 ck r 000 u spa d
040 _aCO-ViMGA
_bspa
_cCO-ViMGA
082 0 4 _aNADm
100 1 _aNadja
245 1 0 _aMomo hace fotos
260 _aMadrid :
_bS.M,
_c1991
300 _a31 p : il
490 _aLos piratas, 17
650 1 4 _aCUENTOS INFANTILES
_92743
942 _2ddc
_cBK
999 _c14966
_d14966